[Event "Ptuj op 10"]
[Site "Ptuj"]
[Date "2015.10.25"]
[Round "3"]
[White "Hrbek, Stepan"]
[Black "Strnisa, Blaz"]
[Result "1-0"]
[WhiteElo "1711"]
[BlackElo "1500"]
[PlyCount "59"]
[EventDate "2015.10.24"]
[EventType "swiss"]
[EventRounds "9"]
[EventCountry "SLO"]
[SourceTitle "CBM 169 Extra"]
[Source "ChessBase"]
[SourceDate "2015.12.18"]
[SourceVersion "1"]
[SourceVersionDate "2015.12.18"]
[SourceQuality "1"]

1. d4 d5 2. Nf3 c6 3. g3 Nf6 4. Bg2 e6 5. 0-0 Be7 6. c4 0-0 7. Nc3 dxc4 8. Ne5 Nbd7 9. Nxc4 a6 10. e3 Nd5 11. e4 Nxc3 12. bxc3 b5 13. Ne3 Bb7 14. f4 Re8 15. Rb1 c5 16. d5 exd5 17. Nxd5 Bxd5 18. Qxd5 Nb6 19. Qb3 c4 20. Qc2 Qc7 21. Be3 Bc5 22. Bd4 Rad8 23. Rbd1 Rd7 24. Qf2 Red8 25. Bxc5 Rxd1 26. Bxb6 Rxf1+ 27. Bxf1 Qd7 28. Bxd8 Qxd8 29. Qd4 h6 30. Qxd8+ 1-0